Analysis of Present Value of Pension Account

Saved in:
Bibliographic Details
Main Author: Ďuričeková, Denisa, 1981-
Other Authors: Hajduová, Zuzana, 1974-, Andrejkovič, Marek
Format: Book Chapter
Language:English
Tags: Add Tag
No Tags, Be the first to tag this record!

MARC

LEADER 00000naa a2200000 4500
001 0185593
005 20240502083437.4
041 0 |a eng 
044 |a PL 
245 1 0 |a Analysis of Present Value of Pension Account  |c Denisa Ďuričeková, Zuzana Hajduová, Marek Andrejkovič 
100 1 |a Ďuričeková, Denisa, 1981- 
700 1 |a Hajduová, Zuzana, 1974- 
700 1 |a Andrejkovič, Marek